Hyderabad: (Record no. 11666)

MARC details
000 -LEADER
fixed length control field 00750 a2200193 4500
010 ## - LCCN (DPL NO)
LC control number ENG-89937
020 ## - INTERNATIONAL STANDARD BOOK NUMBER
International Standard Book Number 8125015655
Terms of availability 650.00
035 ## - SYSTEM CONTROL NUMBER
System control number EN-73470
037 ## - SOURCE OF ACQUISITION
Source of stock number/acquisition DBAD / PUB
082 14 - DEWEY DECIMAL CLASSIFICATION NUMBER
Classification number 338.095435
100 1# - MAIN ENTRY--PERSONAL NAME
Personal name C.V. Subba Rao
245 1# - TITLE STATEMENT
Title Hyderabad:
Statement of responsibility, etc by C.V. Subba Rao
Remainder of title the social context of industrialisation, 1875-1948/
260 ## - PUBLICATION, DISTRIBUTION, ETC. (IMPRINT)
Place of publication, distribution, etc New Delhi
Name of publisher, distributor, etc Orient Longman
Date of publication, distribution, etc 2007
270 ## - ADDRESS
Address 1/24, Asaf Ali Road,
City New Delhi
Postal code 110002
Electronic mail address delgeneral@orientlongman.com
State or province Delhi
300 ## - PHYSICAL DESCRIPTION
Extent xxii, 218p.
Dimensions 22 cm (Hb )
500 ## - GENERAL NOTE
General note Includes glossary, bibliographical references & index.
942 ## - ADDED ENTRY ELEMENTS (KOHA)
Institution code [OBSOLETE] dpl
Item type English Books
Call number prefix 338.095435 / RAO
Source of classification or shelving scheme Dewey Decimal Classification
Holdings
Withdrawn status Lost status Not for loan Collection code Home library Current library Source of acquisition Cost, normal purchase price Full call number Barcode Copy number Cost, replacement price Koha item type
    Not For Loan Non-fiction D.B.Act.Division D.B.Act.Division DBAD/PUB 650.00 338.095435 EN-73470 1 650.00 English Books

© Delhi Public Library
Hit Counter
free hit counter